Statistics for Best rb's 2023-2024 NFL season

Click here to take the quiz!

General Stats

  • This quiz has been taken 147 times
    (99 since last reset)
  • The average score is 6 of 10

Answer Stats

# on listplayers% Correct
1Christian McCaffrey
92%
4Derrick Henry
81%
9Raheem Mostert
73%
6D'Andre Swift
64%
2James Cook
63%
3Kyren Williams
57%
10Jahmyr Gibbs
54%
7Bijan Robinson
52%
8Joe Mixon
51%
5James Connor
16%

Score Distribution

Percentile by Number Answered

Percent of People with Each Score

Your Score History

You have not taken this quiz since the last reset